| 000 | 00502nam a22001817a 4500 | ||
|---|---|---|---|
| 003 | OSt | ||
| 005 | 20140310181709.0 | ||
| 008 | 121206t xxu||||| |||| 00| 0 eng d | ||
| 020 | _a9711340429 | ||
| 050 |
_aPN 6519 _b.Sa237 1993 |
||
| 082 |
_aFIL 398.9 _2S59 1993 |
||
| 100 | _aSantos, Lope K. | ||
| 245 |
_aAng diwa ng mga salawikain : _b60 salawikaing may tig-isang kuwentong tula / _cLope K. Santos |
||
| 260 |
_aMaynila : _bS.P, _c1953. |
||
| 300 | _a130 p. : | ||
| 942 |
_2lcc _cBK |
||
| 999 |
_c1486 _d1486 |
||